000 00445nam a2200181Ia 4500
005 20250519023055.0
008 240331s9999 xx 000 0 und d
020 _a9552011779
082 _a301
_bRAN
100 _aSri Ranjan,G.D.D.K
245 0 _aSamaja viddyawa saha manawa viddyawa
250 _a2nd
260 _aColombo
_bS. godage & Brothers
_c1996
300 _a200 p .,
650 _aSociology
650 _aAnthropology
942 _cL
999 _c1029
_d1029